LEADER 01790nam 2200385 450 001 9910572187503321 005 20230510014847.0 035 $a(CKB)5860000000047259 035 $a(NjHacI)995860000000047259 035 $a(EXLCZ)995860000000047259 100 $a20230510d2015 uy 0 101 0 $aita 135 $aur||||||||||| 181 $ctxt$2rdacontent 182 $cc$2rdamedia 183 $acr$2rdacarrier 200 10$aComunanze urbane $eAutogestione e cura dei luoghi /$fChiara Franca Maria Belingardi 210 1$aFlorence :$cFirenze University Press,$d2015. 215 $a1 online resource (228 pages) $cillustrations 225 1 $aPremio Tesi di Dottorato 300 $aIncludes index. 311 $a88-927-3313-3 330 $aThe volume explores the category of urban spaces that are self-managed by the inhabitants and can be recognized as common goods: urban communities. These are defined as third spaces (neither public nor private) and recognized on the basis of seven characteristics. Furthermore, some proposals are made on how planning can adequately treat these places, through the comparison with some municipal policies and on the basis of the self-determination of experiences in order to build a city really in the hands of its inhabitants. In fact, urban communities can be seen as a strategic place for testing new relationships between citizens and between them and institutions. 410 0$aPremio Tesi di Dottorato. 517 $aComunanze urbane 606 $aUrban cores 615 0$aUrban cores. 676 $a307.3 700 $aBelingardi$b Chiara Franca Maria$01280661 801 0$bNjHacI 801 1$bNjHacl 906 $aBOOK 912 $a9910572187503321 996 $aComunanze urbane$93017352 997 $aUNINA LEADER 01525nam 2200481 450 001 9910791600203321 005 20230802011744.0 010 $a1-78166-899-X 035 $a(CKB)2550000001216885 035 $a(StDuBDS)AH24101045 035 $a(SSID)ssj0001508674 035 $a(PQKBManifestationID)11850529 035 $a(PQKBTitleCode)TC0001508674 035 $a(PQKBWorkID)11513691 035 $a(PQKB)10623029 035 $a(MiAaPQ)EBC4460775 035 $a(Au-PeEL)EBL4460775 035 $a(CaPaEBR)ebr11260872 035 $a(OCoLC)948781345 035 $a(EXLCZ)992550000001216885 100 $a20160928h20122012 uy| 0 101 0 $aeng 135 $aur||||||||||| 181 $ctxt 182 $cc 183 $acr 200 14$aThe opium habit $ewith suggestions as to the remedy /$fHorace B. Day 210 1$a[Luton, Bedfordshire] :$cAndrews UK Limited,$d[2012] 210 4$dİ2012 215 $a1 online resource (308 p.) 300 $aBibliographic Level Mode of Issuance: Monograph 330 $bOne of the earliest books to tackle the problems of opium addiction, which had become widespread in the wake of the American Civil War, and to suggest some solutions. 606 $aOpium abuse$zUnited States 615 0$aOpium abuse 676 $a616.863 700 $aDay$b Horace B.$f1819-1870,$01562242 801 0$bMiAaPQ 801 1$bMiAaPQ 801 2$bMiAaPQ 906 $aBOOK 912 $a9910791600203321 996 $aThe opium habit$93829701 997 $aUNINA